000 00934nam a2200229 i 4500
001 59171
003 ES-MaACL
005 20250907063044.0
007 t|
008 031027s1925 sp ||||1| spa d
100 1 _aElías de Molins, José,
_d1848-1928
_946975
245 1 0 _aInforme social agrario
_b: la crisis agraria y sus principales factores : la hacienda y los gastos públicos : datos y orientaciones /
_cJosé Elías de Molins.
260 _aBarcelona :
_b[s.n.,
_c1925] (
_fCasa de Caridad)
300 _a109 p. ;
_c19 cm.
530 _aDisponible en formato digital.
650 4 _aAgricultura-
_zEspaña-
_yS.XX.
_9146547
650 4 _aHacienda pública-
_zEspaña-
_yS.XX.
_9163831
852 _aES-MaACL
_j1693-F-5
_961421
_cDEPOF
_zRevisado enlace: 05 de Abril de 2025
856 _uhttp://bdh-rd.bne.es/viewer.vm?id=0000046483&page=1
_yBiblioteca Digital Hispánica
942 _2udc
999 _c59171
_d59171